Top 10 animaux les plus rapides au monde - Statistiques

Statistiques générales
  • Ce quiz a été pris 1 035 fois
  • Le résultat moyen est 4 sur 10
Statistiques - réponses
Numéro Animaux % Correct
Numéro 1 Guépard
94%
Numéro 2 Lion
79%
Numéro 7 Requin
46%
Numéro 3 Antilope
44%
Numéro 4 Autruche
39%
Numéro 6 Espadon
31%
Numéro 5 Lièvre
28%
Numéro 8 Faucon Pèlerin
23%
Numéro 9 Aigle Royal
15%
Numéro 10 Libellule
5%
Aucun quiz correspondant
Distribution des résultats
% des personnes avec chaque résultat
Percentile par nombre de réponses
Votre historique - résultats
Vous n’avez pas pris ce quiz